000 00628cab a2200241 4500
001 X429
008 090401t1992 xxu||||| |||| 00| 0 eng d
035 _a(Sirsi) u65557
041 _aeng
100 _aHord, B.
245 2 _aA stronger mix for Europe
260 _c1992
350 _a0
490 _aCS Monthly
_bthe Building Surveyor
_v2(5) February 1992, 6(1)
650 _aBUILDING SURVEYORS
650 _aBUREAU OF EUROPEAN BUILDING CONSULTANT EXPERTS
650 _aEUROPE
650 _aQUANTITY SURVEYORS
690 _aEUROPE-SINGLE MARKET
690 _aOVERSEAS-EUROPE
942 _n0
948 _c04/03/1997
999 _c40884
_d40884